000 00312nam a2200133Ia 4500
008 240624s9999 xx 000 0 und d
041 _aeng
082 _a891.46 DAM
100 _aDAMLE SMITA
245 _aUDAYAST MARATHI
260 _c2013
_aKolhapur
_bRiya Publications
300 _a296 p.
365 _cRS
_b25
999 _c30181
_d30181